[Event "Medellin Easter op 11th"]
[Site "Medellin"]
[Date "2023.04.06"]
[Round "3"]
[White "Rodriguez Tovar, Liliana"]
[Black "Vilanova Ramos, Juan Manuel"]
[Result "0-1"]
[WhiteElo "1186"]
[BlackElo "1664"]
[PlyCount "66"]
[EventDate "2023.04.05"]
[EventType "swiss"]
[EventRounds "7"]
[EventCountry "COL"]
[SourceTitle "CBM 213 Extra"]
[Source "ChessBase"]
[SourceDate "2023.05.31"]
[SourceVersion "1"]
[SourceVersionDate "2023.05.31"]
[SourceQuality "1"]

1. d4 e6 2. e4 d5 3. exd5 exd5 4. Nf3 Bg4 5. c4 c6 6. Be2 Nf6 7. Qb3 Qb6 8. c5 Qc7 9. Nbd2 Be7 10. 0-0 Nbd7 11. h3 Be6 12. Re1 h6 13. Ne5 Nxe5 14. dxe5 Nd7 15. Nf3 Bxc5 16. Bd2 Qb6 17. Qxb6 Bxb6 18. b4 0-0 19. a4 Rfc8 20. a5 Bd8 21. Rac1 c5 22. b5 d4 23. a6 bxa6 24. bxa6 Rab8 25. Bc4 Bxc4 26. Rxc4 Nf8 27. Nh4 Bxh4 28. Rec1 Ne6 29. g3 Be7 30. f4 Rb2 31. Be1 Rc6 32. f5 Ng5 33. h4 Nf3+ 0-1

[Event "Oviedo op 8th"]
[Site "Oviedo"]
[Date "2022.07.17"]
[Round "1"]
[White "Vilanova Ramos, Juan Manuel"]
[Black "Domingo Nunez, Alejandro"]
[Result "1/2-1/2"]
[WhiteElo "1679"]
[BlackElo "2335"]
[PlyCount "199"]
[EventDate "2022.07.17"]
[EventType "swiss"]
[EventRounds "9"]
[EventCountry "ESP"]
[SourceTitle "CBM 209 Extra"]
[Source "ChessBase"]
[SourceDate "2022.09.30"]
[SourceVersion "1"]
[SourceVersionDate "2022.09.30"]
[SourceQuality "1"]

1. d4 Nf6 2. Bf4 b6 3. e3 Bb7 4. Nf3 g6 5. Be2 Bg7 6. 0-0 0-0 7. h3 d6 8. c4 Nbd7 9. Nc3 Ne4 10. Nxe4 Bxe4 11. Nd2 Bb7 12. Bf3 Qc8 13. Rc1 e5 14. Bxb7 Qxb7 15. dxe5 dxe5 16. Bg5 h6 17. Be7 Rfe8 18. Ba3 e4 19. Nxe4 Rad8 20. Nc3 Bxc3 21. Rxc3 Ne5 22. Qe2 c5 23. Rd1 Qe4 24. b3 Nc6 25. Rcd3 Rc8 26. Bb2 h5 27. Qf3 Qxf3 28. gxf3 Kf8 29. Rd7 Re7 30. f4 Ke8 31. Rxe7+ Kxe7 32. Kg2 Ke6 33. Kg3 a6 34. Kh4 Ne7 35. e4 f6 36. Kg3 Nc6 37. a3 b5 38. cxb5 axb5 39. Kf3 Na5 40. Rd3 c4 41. bxc4 bxc4 42. f5+ Ke7 43. Rd5 c3 44. Rxa5 cxb2 45. Rb5 Rc3+ 46. Kg2 gxf5 47. exf5 Rxa3 48. Rxb2 Ra5 49. Rb7+ Kd6 50. Rb6+ Ke5 51. Rb4 Kxf5 52. Kg3 Kg5 53. Rc4 Rd5 54. Re4 Rd8 55. h4+ Kf5 56. Rf4+ Ke5 57. Ra4 Rd3+ 58. Kg2 Kf5 59. Ra5+ Kg4 60. Ra4+ Kf5 61. Ra5+ Kg6 62. Ra4 Rd1 63. Rf4 Re1 64. Ra4 Kf5 65. Ra5+ Re5 66. Ra4 Rd5 67. Kg3 Ke5 68. Rb4 Rd3+ 69. f3 Rd5 70. Re4+ Kf5 71. Ra4 Rd8 72. Ra5+ Kg6 73. Rb5 Rd1 74. Kg2 Re1 75. Kf2 Re5 76. Rb4 Kf5 77. Kg3 Ra5 78. Rf4+ Ke6 79. Re4+ Kf7 80. Rb4 Ra7 81. Rc4 Kg6 82. Rb4 Rg7 83. Kh2 Kf5 84. Ra4 Rg6 85. Rb4 Ke5 86. Re4+ Kd5 87. Ra4 Ke6 88. Ra5 f5 89. Ra6+ Kf7 90. Ra5 Kf6 91. Ra6+ Kg7 92. Ra5 Rf6 93. Kg3 Kg6 94. Kf4 Rb6 95. Rd5 Rb4+ 96. Kg3 f4+ 97. Kf2 Rb2+ 98. Kg1 Rb1+ 99. Kg2 Rb2+ 100. Kg1 1/2-1/2